| 000 | 00423nam a22001337a 4500 | ||
|---|---|---|---|
| 040 | _cNUST | ||
| 082 | _a200 THE | ||
| 100 |
_aZubair Ahmed _915538 |
||
| 110 |
_aSupervisor Dr. Ahsan Shahzad _992097 |
||
| 245 | _aTH-SOF-1999-Depth Map Enhancement through Weighted Guided Image Filters in Shape-From-Focus | ||
| 260 |
_aISLAMABAD: _bNUST COLLEGE OF EME, _c2022. |
||
| 650 | _aMS-COMPUTER ENGINEERING-19 | ||
| 942 |
_2ddc _cTHE |
||
| 999 |
_c590240 _d590240 |
||